| 000 | 00507cam a2200205ua 4500 | ||
|---|---|---|---|
| 001 | 11038 | ||
| 008 | 190805n ii |||gr||||Z||||||eng | ||
| 020 | _a9789327292312 | ||
| 040 | _cMAIN | ||
| 041 | _aeng | ||
| 082 | _a330.015195 | ||
| 100 |
_aDigambar Patri, _eAuthor. |
||
| 245 |
_aMathematical methods in economics-I _cBy Digambar Patri |
||
| 260 |
_aLudhiana: _bKalyani, _c2018. |
||
| 300 | _a9.31p. | ||
| 653 | _aEconomics | ||
| 653 | _aEconometrics | ||
| 700 |
_aDN Patri, _eAuthor. |
||
| 942 | _cBK | ||
| 999 |
_c9944 _d9944 |
||